<?xml version="1.0" encoding="UTF-8"?>
<record
    xmlns:xsi="http://www.w3.org/2001/XMLSchema-instance"
    xsi:schemaLocation="http://www.loc.gov/MARC21/slim http://www.loc.gov/standards/marcxml/schema/MARC21slim.xsd"
    xmlns="http://www.loc.gov/MARC21/slim">

  <leader>01089nam a2200217   4500</leader>
  <controlfield tag="005">20251111160620.0</controlfield>
  <controlfield tag="008">251110b        |||||||| |||| 00| 0 eng d</controlfield>
  <datafield tag="020" ind1=" " ind2=" ">
    <subfield code="a">9789389802559</subfield>
  </datafield>
  <datafield tag="041" ind1=" " ind2=" ">
    <subfield code="a">English</subfield>
  </datafield>
  <datafield tag="082" ind1=" " ind2=" ">
    <subfield code="a">001.4</subfield>
    <subfield code="b">KOT</subfield>
  </datafield>
  <datafield tag="100" ind1=" " ind2=" ">
    <subfield code="a">Kothari C. R. </subfield>
    <subfield code="9">214808</subfield>
  </datafield>
  <datafield tag="245" ind1=" " ind2=" ">
    <subfield code="a">Research Methodology: Methods and Techniques</subfield>
  </datafield>
  <datafield tag="250" ind1=" " ind2=" ">
    <subfield code="a">5th</subfield>
  </datafield>
  <datafield tag="260" ind1=" " ind2=" ">
    <subfield code="a">New Delhi</subfield>
    <subfield code="b">New Age International </subfield>
  </datafield>
  <datafield tag="300" ind1=" " ind2=" ">
    <subfield code="a">464</subfield>
  </datafield>
  <datafield tag="365" ind1=" " ind2=" ">
    <subfield code="b">389.22</subfield>
    <subfield code="c">Rs.00</subfield>
  </datafield>
  <datafield tag="520" ind1=" " ind2=" ">
    <subfield code="a">1.	Research Methodology: An Introduction
2.	Defining the Research Problem
3.	Research Design
4.	Design of Sample Surveys
5.	Measurement and Scaling
6.	Data Collection
7.	Data Preparation
8.	Descriptive Statistics
9.	Sampling and Statistical Inference
10.	Testing of Hypothesis
11.	Chi-Square Tests
12.	Analysis of Variance
13.	Other Nonparametric Methods
14.	Linear Regression Analysis
15.	Factor Analysis
16.	Discriminant Analysis
17.	Cluster Analysis
18.	Other Multivariate Techniques
19.	Interpretation and Report Writing
</subfield>
  </datafield>
  <datafield tag="650" ind1=" " ind2=" ">
    <subfield code="a">Research</subfield>
    <subfield code="9">214809</subfield>
  </datafield>
  <datafield tag="700" ind1=" " ind2=" ">
    <subfield code="a">Garg Gaurav</subfield>
    <subfield code="9">214810</subfield>
  </datafield>
  <datafield tag="942" ind1=" " ind2=" ">
    <subfield code="c">BK</subfield>
  </datafield>
  <datafield tag="999" ind1=" " ind2=" ">
    <subfield code="c">369086</subfield>
    <subfield code="d">369086</subfield>
  </datafield>
  <datafield tag="952" ind1=" " ind2=" ">
    <subfield code="0">0</subfield>
    <subfield code="1">0</subfield>
    <subfield code="2">ddc</subfield>
    <subfield code="4">0</subfield>
    <subfield code="7">0</subfield>
    <subfield code="a">SOFT</subfield>
    <subfield code="b">SOFT</subfield>
    <subfield code="d">2025-11-06</subfield>
    <subfield code="e">Om Book Stall</subfield>
    <subfield code="g">389.22</subfield>
    <subfield code="i">1098</subfield>
    <subfield code="l">0</subfield>
    <subfield code="o">001.4 KOT</subfield>
    <subfield code="p">SOFT-BK-4701</subfield>
    <subfield code="r">2025-11-10 11:59:04</subfield>
    <subfield code="t">22%</subfield>
    <subfield code="v">499.00</subfield>
    <subfield code="w">2025-11-05</subfield>
    <subfield code="y">BK</subfield>
  </datafield>
  <datafield tag="952" ind1=" " ind2=" ">
    <subfield code="0">0</subfield>
    <subfield code="1">0</subfield>
    <subfield code="2">ddc</subfield>
    <subfield code="4">0</subfield>
    <subfield code="7">0</subfield>
    <subfield code="a">SOFT</subfield>
    <subfield code="b">SOFT</subfield>
    <subfield code="d">2025-11-06</subfield>
    <subfield code="e">Om Book Stall</subfield>
    <subfield code="g">389.22</subfield>
    <subfield code="i">1098</subfield>
    <subfield code="l">0</subfield>
    <subfield code="o">001.4 KOT</subfield>
    <subfield code="p">SOFT-BK-4702</subfield>
    <subfield code="r">2025-11-10 11:59:04</subfield>
    <subfield code="t">22%</subfield>
    <subfield code="v">499.00</subfield>
    <subfield code="w">2025-11-05</subfield>
    <subfield code="y">BK</subfield>
  </datafield>
  <datafield tag="952" ind1=" " ind2=" ">
    <subfield code="0">0</subfield>
    <subfield code="1">0</subfield>
    <subfield code="2">ddc</subfield>
    <subfield code="4">0</subfield>
    <subfield code="7">0</subfield>
    <subfield code="a">SOFT</subfield>
    <subfield code="b">SOFT</subfield>
    <subfield code="d">2025-11-06</subfield>
    <subfield code="e">Om Book Stall</subfield>
    <subfield code="g">389.22</subfield>
    <subfield code="i">1098</subfield>
    <subfield code="l">0</subfield>
    <subfield code="o">001.4 KOT</subfield>
    <subfield code="p">SOFT-BK-4703</subfield>
    <subfield code="r">2025-11-10 11:59:04</subfield>
    <subfield code="t">22%</subfield>
    <subfield code="v">499.00</subfield>
    <subfield code="w">2025-11-05</subfield>
    <subfield code="y">BK</subfield>
  </datafield>
  <datafield tag="952" ind1=" " ind2=" ">
    <subfield code="0">0</subfield>
    <subfield code="1">0</subfield>
    <subfield code="2">ddc</subfield>
    <subfield code="4">0</subfield>
    <subfield code="7">0</subfield>
    <subfield code="a">SOFT</subfield>
    <subfield code="b">SOFT</subfield>
    <subfield code="d">2025-11-06</subfield>
    <subfield code="e">Om Book Stall</subfield>
    <subfield code="g">389.22</subfield>
    <subfield code="i">1098</subfield>
    <subfield code="l">0</subfield>
    <subfield code="o">001.4 KOT</subfield>
    <subfield code="p">SOFT-BK-4704</subfield>
    <subfield code="r">2025-11-10 11:59:04</subfield>
    <subfield code="t">22%</subfield>
    <subfield code="v">499.00</subfield>
    <subfield code="w">2025-11-05</subfield>
    <subfield code="y">BK</subfield>
  </datafield>
  <datafield tag="952" ind1=" " ind2=" ">
    <subfield code="0">0</subfield>
    <subfield code="1">0</subfield>
    <subfield code="2">ddc</subfield>
    <subfield code="4">0</subfield>
    <subfield code="7">0</subfield>
    <subfield code="a">SOFT</subfield>
    <subfield code="b">SOFT</subfield>
    <subfield code="d">2025-11-06</subfield>
    <subfield code="e">Om Book Stall</subfield>
    <subfield code="g">389.22</subfield>
    <subfield code="i">1098</subfield>
    <subfield code="l">1</subfield>
    <subfield code="o">001.4 KOT</subfield>
    <subfield code="p">SOFT-BK-4705</subfield>
    <subfield code="r">2026-03-27 14:43:29</subfield>
    <subfield code="s">2026-03-18</subfield>
    <subfield code="t">22%</subfield>
    <subfield code="v">499.00</subfield>
    <subfield code="w">2025-11-05</subfield>
    <subfield code="y">BK</subfield>
  </datafield>
  <datafield tag="952" ind1=" " ind2=" ">
    <subfield code="0">0</subfield>
    <subfield code="1">0</subfield>
    <subfield code="2">ddc</subfield>
    <subfield code="4">0</subfield>
    <subfield code="7">0</subfield>
    <subfield code="a">SOFT</subfield>
    <subfield code="b">SOFT</subfield>
    <subfield code="d">2025-11-06</subfield>
    <subfield code="e">Om Book Stall</subfield>
    <subfield code="g">389.22</subfield>
    <subfield code="i">1098</subfield>
    <subfield code="l">0</subfield>
    <subfield code="o">001.4 KOT</subfield>
    <subfield code="p">SOFT-BK-4706</subfield>
    <subfield code="r">2025-11-10 11:59:04</subfield>
    <subfield code="t">22%</subfield>
    <subfield code="v">499.00</subfield>
    <subfield code="w">2025-11-05</subfield>
    <subfield code="y">BK</subfield>
  </datafield>
  <datafield tag="952" ind1=" " ind2=" ">
    <subfield code="0">0</subfield>
    <subfield code="1">0</subfield>
    <subfield code="2">ddc</subfield>
    <subfield code="4">0</subfield>
    <subfield code="7">0</subfield>
    <subfield code="a">SOFT</subfield>
    <subfield code="b">SOFT</subfield>
    <subfield code="d">2025-11-06</subfield>
    <subfield code="e">Om Book Stall</subfield>
    <subfield code="g">389.22</subfield>
    <subfield code="i">1098</subfield>
    <subfield code="l">0</subfield>
    <subfield code="o">001.4 KOT</subfield>
    <subfield code="p">SOFT-BK-4707</subfield>
    <subfield code="r">2025-11-10 11:59:04</subfield>
    <subfield code="t">22%</subfield>
    <subfield code="v">499.00</subfield>
    <subfield code="w">2025-11-05</subfield>
    <subfield code="y">BK</subfield>
  </datafield>
  <datafield tag="952" ind1=" " ind2=" ">
    <subfield code="0">0</subfield>
    <subfield code="1">0</subfield>
    <subfield code="2">ddc</subfield>
    <subfield code="4">0</subfield>
    <subfield code="7">0</subfield>
    <subfield code="a">SOFT</subfield>
    <subfield code="b">SOFT</subfield>
    <subfield code="d">2025-11-06</subfield>
    <subfield code="e">Om Book Stall</subfield>
    <subfield code="g">389.22</subfield>
    <subfield code="i">1098</subfield>
    <subfield code="l">1</subfield>
    <subfield code="o">001.4 KOT</subfield>
    <subfield code="p">SOFT-BK-4708</subfield>
    <subfield code="r">2026-01-12 09:45:10</subfield>
    <subfield code="s">2025-12-08</subfield>
    <subfield code="t">22%</subfield>
    <subfield code="v">499.00</subfield>
    <subfield code="w">2025-11-05</subfield>
    <subfield code="y">BK</subfield>
  </datafield>
  <datafield tag="952" ind1=" " ind2=" ">
    <subfield code="0">0</subfield>
    <subfield code="1">0</subfield>
    <subfield code="2">ddc</subfield>
    <subfield code="4">0</subfield>
    <subfield code="7">0</subfield>
    <subfield code="a">SOFT</subfield>
    <subfield code="b">SOFT</subfield>
    <subfield code="d">2025-11-06</subfield>
    <subfield code="e">Om Book Stall</subfield>
    <subfield code="g">389.22</subfield>
    <subfield code="i">1098</subfield>
    <subfield code="l">1</subfield>
    <subfield code="o">001.4 KOT</subfield>
    <subfield code="p">SOFT-BK-4709</subfield>
    <subfield code="q">2026-04-06</subfield>
    <subfield code="r">2026-04-04 15:55:13</subfield>
    <subfield code="s">2026-04-04</subfield>
    <subfield code="t">22%</subfield>
    <subfield code="v">499.00</subfield>
    <subfield code="w">2025-11-05</subfield>
    <subfield code="y">BK</subfield>
  </datafield>
  <datafield tag="952" ind1=" " ind2=" ">
    <subfield code="0">0</subfield>
    <subfield code="1">0</subfield>
    <subfield code="2">ddc</subfield>
    <subfield code="4">0</subfield>
    <subfield code="7">0</subfield>
    <subfield code="a">SOFT</subfield>
    <subfield code="b">SOFT</subfield>
    <subfield code="d">2025-11-06</subfield>
    <subfield code="e">Om Book Stall</subfield>
    <subfield code="g">389.22</subfield>
    <subfield code="i">1098</subfield>
    <subfield code="l">0</subfield>
    <subfield code="o">001.4 KOT</subfield>
    <subfield code="p">SOFT-BK-4710</subfield>
    <subfield code="r">2025-11-10 11:59:04</subfield>
    <subfield code="t">22%</subfield>
    <subfield code="v">499.00</subfield>
    <subfield code="w">2025-11-05</subfield>
    <subfield code="y">BK</subfield>
  </datafield>
</record>
